| 000 | 00648nam a2200253 a 4500 | ||
|---|---|---|---|
| 003 | AR-BaBNM | ||
| 005 | 20251128204544.0 | ||
| 008 | 082120s2002 ||||||||||||||000 | spa|| | ||
| 020 | _a950-506-178-1 | ||
| 040 | _cAR-BaBNM | ||
| 100 | 1 | _aCymerman, Claude | |
| 245 | 0 | 0 |
_aPablo Neruda _bcanto general |
| 260 |
_aBuenos Aires _bHachette _c1988 |
||
| 300 | _a91 p. | ||
| 490 | 0 |
_aBiblioteca crĂtica Hachette _vv. 8 |
|
| 504 | _aContiene bibliografĂa en p.87-91 | ||
| 650 | 4 | _aLITERATURA CHILENA | |
| 650 | 4 | _aANALISIS LITERARIO | |
| 650 | 4 | _aPOESIA | |
| 650 | 4 | _aVIDA LITERARIA | |
| 655 | _aLITERATURA | ||
| 942 | _cBK | ||
| 998 | _cisola | ||
| 999 |
_c7907 _d7907 |
||